Hot air repair of PVC-U window and door frames. (Record no. 101558)

MARC details
000 -LEADER
fixed length control field 00641cam a2200229 4500
008 - FIXED-LENGTH DATA ELEMENTS--GENERAL INFORMATION
fixed length control field 000000n2001 000 0 eng u
020 ## - INTERNATIONAL STANDARD BOOK NUMBER
International Standard Book Number 186081476X
035 ## - SYSTEM CONTROL NUMBER
System control number (Sirsi) u113777
041 ## - LANGUAGE CODE
Language code of text/sound track or separate title eng
050 ## - LIBRARY OF CONGRESS CALL NUMBER
Classification number 690
100 ## - MAIN ENTRY--PERSONAL NAME
Personal name Newman, C.
110 ## - MAIN ENTRY--CORPORATE NAME
Corporate name or jurisdiction name as entry element Building Research Establishment
245 ## - TITLE STATEMENT
Title Hot air repair of PVC-U window and door frames.
260 ## - PUBLICATION, DISTRIBUTION, ETC.
Place of publication, distribution, etc. London
Name of publisher, distributor, etc. CRC Ltd
Date of publication, distribution, etc. 2001
300 ## - PHYSICAL DESCRIPTION
Extent 4p. : ill. ; 30cm.
490 ## - SERIES STATEMENT
Series statement BRE Good Repair Guide
Volume/sequential designation 31
650 ## - SUBJECT ADDED ENTRY--TOPICAL TERM
Topical term or geographic name entry element WINDOWS
650 ## - SUBJECT ADDED ENTRY--TOPICAL TERM
Topical term or geographic name entry element UNPLASTICIZED POLYVINYL CHLORIDE
650 ## - SUBJECT ADDED ENTRY--TOPICAL TERM
Topical term or geographic name entry element REPAIRS
690 ## - LOCAL SUBJECT ADDED ENTRY--TOPICAL TERM (OCLC, RLIN)
Topical term or geographic name as entry element BUILDING AND CONSTRUCTION-DEFECTS AND FAILURES
942 ## - ADDED ENTRY ELEMENTS (KOHA)
Suppress in OPAC 0
Holdings
Withdrawn status Lost status Source of classification or shelving scheme Damaged status Not for loan Home library Current library Shelving location Date acquired Total Checkouts Full call number Barcode Date last seen Copy number Price effective from Koha item type
    Dewey Decimal Classification     London London BRE publications 25/07/2001   ENQUIRY DESK 30064668 06/08/2019 1 06/08/2019 Reference material